000 00534nam a2200193Ia 4500
005 20250508151139.0
008 008 250505s9999 xx 000 0 eng d
037 _aTextual
040 _aFEDL
_beng
_cFEDL
041 _aeng
_2eng
084 _a155.25, SLO
_qFEDL
100 _aSlotka J. S.
_9758534
245 0 _aPersonality development
260 _aNew York, USA
_bHarper and Brothers Publishers
_c1952
300 _ax,401p
650 _aPersonality
942 _cTEXL
_h155.25, SLO
999 _c1327885
_d1327885